01010nam a2200277 a 450000500170000000800410001704000250005804100080008304400070009110000230009824501290012126000530025030000100030349000830031365000310039665000320042765000460045965000290050565000290053465000290056365000410059266200130063370000290064670000290067570000280070420191224041712.0140122b2004 ck ||||| |||| 00| 0 spa d aCO-BoIAVHcCO-BoIAVH aspa ack aOrtíz, Néstor aSistema de indicadores de seguimiento de la política de biodiversidad en Colombiabaspectos conceptuales y metodológicos aBogotábInstituto Alexander von Humboldtc2004 a57 p. aIndicadores de Seguimiento y Evaluación de la Política de Biodiversidadv1 aIndicadores de seguimiento aIndicadores de evaluación aIndicadores de estado de la biodiversidad aIndicadores de presión aIndicadores de respuesta aManuales metodológicos aPolítica nacional en biodiversidad aColombia aBetancourth, Juan Carlos aBernal, Néstor Ricardo aLópez, Mario Orlando